Jihočeský hokej v době covidové : 2020-2021 /

Hlavní autor: Lhota, Ladislav, 1961-
Jazyk: Čeština
Vydáno: [České Budějovice] : Ladislav Lhota, jchokej.cz, 2021
Témata:
Fyzický popis: 181 stran : ilustrace (převážně barevné), portréty ; 24 cm
Knihy
Uloženo v:
LEADER 01731cam a2200481 i 4500
001 nkc20213349892
003 CZ PrNK
005 20221011101756.0
007 ta
008 210809s2021 xr ac g 000 0 cze d
015 |a cnb003349892 
020 |q (Brožováno) 
040 |a CBA001  |b cze  |d OLA001  |e rda 
043 |a e-xr---  |b e-xr-jc  |2 czenas 
045 |a y2y2 
072 7 |a 796  |x Sport. Hry. Tělesná cvičení  |2 Konspekt  |9 20 
080 |a 796.966.071.2  |2 MRF 
080 |a 796.966.093.42  |2 MRF 
080 |a 796.966  |2 MRF 
080 |a (437.31-13)  |2 MRF 
080 |a (048.8)  |2 MRF 
100 1 |a Lhota, Ladislav,  |d 1961-  |7 xx0130281  |4 aut  |4 pbl 
245 1 0 |a Jihočeský hokej v době covidové :  |b 2020-2021 /  |c autor textů Ladislav Lhota 
264 1 |a [České Budějovice] :  |b Ladislav Lhota, jchokej.cz,  |c 2021 
300 |a 181 stran :  |b ilustrace (převážně barevné), portréty ;  |c 24 cm 
336 |a text  |b txt  |2 rdacontent 
337 |a bez média  |b n  |2 rdamedia 
338 |a svazek  |b nc  |2 rdacarrier 
500 |a Název z obálky 
500 |a V tiráži podnázev: kronika hokejové sezony 2020-21 
500 |a 200 výtisků 
648 4 |a 2020-2021 
648 7 |a 21. století  |7 ch460559  |2 czenas 
650 0 7 |a hokejisté  |7 ph114685  |z Česko  |y 21. století  |2 czenas 
650 0 7 |a lední hokej  |7 ph115102  |z Česko  |y 21. století  |2 czenas 
650 0 7 |a hokejové zápasy  |7 ph499505  |z Česko  |y 21. století  |2 czenas 
651 7 |a Čechy jižní (Česko)  |7 ge131648  |2 czenas 
655 7 |a přehledy  |7 fd133202  |2 czenas 
910 2 |a BOA001  |b 2-1495.134 
920 |a 1080591  |z CBA001 
990 |a BK 
995 |a 60 
996 6 |b 2610917146  |c 2-1495.134  |l MZK  |r Sklad / do 1 hodiny  |n 0  |p p.v.  |w 001902104  |u 000010  |a 1  |e BOA001  |j MZK50  |s P